Europe Map Quiz #1 - Statistics

General Stats
  • This quiz has been taken 46 times
  • The average score is 10 of 12
Answers on the Map
Answers color-coded by a green-red scale on the quiz's map according to % correct below.
 
Answer Stats
Answer % Correct
Ireland
94%
Belgium
88%
Germany
88%
italy
88%
Portugal
88%
United Kingdom
88%
France
81%
Greece
81%
Spain
81%
Switzerland
81%
Austria
75%
Netherlands
69%
No matching quizzes found
Score Distribution
Percent of People with Each Score
Percentile by Number Answered
Your Score History
You have not taken this quiz